<?xml version="1.0" encoding="UTF-8"?>
<collection xmlns="http://www.loc.gov/MARC21/slim">
  <record>
    <leader>00000nam  2200000   4500</leader>
    <controlfield tag="001">INLIS000000000018448</controlfield>
    <controlfield tag="005">20241118090013</controlfield>
    <datafield tag="035" ind1="#" ind2="#">
      <subfield code="a">0010-1124000114</subfield>
    </datafield>
    <controlfield tag="007">ta</controlfield>
    <controlfield tag="008">241118###########################0######</controlfield>
    <datafield tag="245" ind1="#" ind2="#">
      <subfield code="a">Belajar asik Keuangan UMKM Pariwisata :</subfield>
      <subfield code="b">Membangun Literasi Keuangan UMKM Pariwisata melalui Video Pembelajaran Kreatif /</subfield>
      <subfield code="c">Dominikus Andreo Maryadi, M.Ak</subfield>
    </datafield>
    <datafield tag="260" ind1="#" ind2="#">
      <subfield code="a">Makassar :</subfield>
      <subfield code="b">Puslatbang KMP LAN RI,</subfield>
      <subfield code="c">2024</subfield>
    </datafield>
    <datafield tag="300" ind1="#" ind2="#">
      <subfield code="a">10 ;</subfield>
      <subfield code="c">30</subfield>
    </datafield>
    <datafield tag="650" ind1="#" ind2="4">
      <subfield code="a">Dengan pendekatan visual, pelaku UMKM dapat dengan mudah memahami dan menerapkan konsep dasar akuntansi dalam usaha mereka</subfield>
    </datafield>
    <datafield tag="700" ind1=" " ind2="#">
      <subfield code="a">Ivoletti Merlina Walukow (Mentor)</subfield>
    </datafield>
    <datafield tag="700" ind1=" " ind2="#">
      <subfield code="a">Ahmad Sukarno Syahrir, S.IP., M.Adm. SDA (Coach)</subfield>
    </datafield>
    <datafield tag="520" ind1="#" ind2="#">
      <subfield code="a">Pembuatan video edukasi berbasis teori persamaan dasar akuntansi untuk pelaku UMKM pariwisata mencerminkan penerapan Smart Governance dengan memanfaatkan teknologi untuk memberdayakan masyarakat. Selain itu. pelaksanaan program ini juga selaras dengan prinsip good governance, di mana keterbukaan. efisiensi, dan akuntabilitas dalam pengelolaan keuangan UMKM diharapkan dapat tercapai melalui literasi yang lebih baik.</subfield>
    </datafield>
    <datafield tag="856" ind1="#" ind2="#">
      <subfield code="a">Puslatbang KMP LAN</subfield>
    </datafield>
  </record>
</collection>
